000 00572nam a2200181 a 4500
001 000040813
005 20201002034410.0
008 130906s2007 sp 000 0 spa d
020 _a9788496045507
040 _aDO-SdBNP
_bspa
_cBNPHU
100 1 _aGutiérrez, José Ismael
_942791
245 1 0 _aPerspectivas sobre el modernismo hispanoamericano /
_cJosé Ismael Gutiérrez.
260 _aMadrid :
_bPliegos,
_c2007.
300 _a461 p. ;
_c23 cm.
490 1 _aPliegos de ensayo
_v200
504 _aBibliografía : p. 419 -461
830 0 _aPliegos de ensayo
_v200
_925000
999 _c40303
_d40303